00346 a2200133 4500003000400000005001700004008004100021020001800062040000900080082001500089245006700104260003300171300000800204OSt20240203095330.0240110b |||||||| |||| 00| 0 eng d a9789382581581 coclc a297bUTH/I aIslam Moulika Vishvasam /cShaikh Muhammed Swalih Al Uthaimeen aKerala:bDa'wa books,c2014. a85p